000 00919nam a2200193 a 4500
090 _aIAVH
_b00656
041 _aspa
100 _aMúnera, Claudia
_94663
245 _aEspecies amenazadas de la Serranía de las Quinchas, jurisdicción de la Corporación Autónoma Regional de Boyacá (CORPOBOYACA)
260 _aBogotá
_bInstituto Alexander von Humboldt
_bCORPOBOYACA
_c2002
300 _a23 p.
520 _aSe identifican las especies de aves amenazadas con distribución confirmada el el área de la Serranía de las Quinchas - Boyacá, y con potencial de distribución allí mismo. Se identifican los ecosistemas en los que se encuentran las especies amenazadas.
650 _aBiodiversidad
_992204
650 _aConservación
_992401
650 _aEspecies amenazadas
_9157
662 _aColombia
_cSerranía de las Quinchas
_bBoyacá
700 _aFranco, Ana María
_9408
700 _aRenjifo, Luis Miguel
_992541
999 _c6157
_d6157